000 00849nmm a2200265 a 4500
001 ocm000716497
003 TR-IsHL
005 20201028153441.0
008 140402s1999 tu tur
007 cr cn
020 _a9789756993095
035 _a716497
_b(N$T)
050 0 4 _aTS192
_b.G83 1999
090 0 4 _aTS192
_b.G83 1999
100 1 _aGücin, Sabahattin
245 1 0 _aFabrika bakım işlemleri
_h[electronic resource] /
_cSabahattin Gücin
260 _aBalıkesir :
_bBalıkesir Üniversitesi Yayınları,
_c1999
300 _a200 p.
650 4 _aGenel Çalışmalar
650 4 _aGeneral Works
650 0 _aMakina parçaları
650 0 _aMachine parts
650 7 _aTECHNOLOGY & ENGINEERING / Machinery
_2bisacsh
856 4 0 _uhttp://search.ebscohost.com/login.aspx?direct=true&scope=site&db=e011xww&AN=716497
999 _c12054
_d12054